000 00916nam a22002297a 4500
999 _c1583
_d1583
003 AR-CdUCM
008 190227b ||||| |||| 00| 0 spa d
040 _aMUNICIPALIDAD PROVINCIAL DEL CUSCO
_cBIBLIOTECA MUNICIPAL DEL CUSCO
082 _a869.26 /
_bK17
100 _aKaiser-Lenoir, Claudia
_95944
245 _aEl grotesco criollo :
_bestilo teatral de una época /
260 _aLa Habana :
_bCasa de las Américas,
_c1977.
300 _a208 páginas ;
_c19 cm.
505 _aPerspectiva histórico-literaria - El grotesco criollo como estilo literario - Ubicación del grotesco dentro de las corrientes teatrales de la época - El fracaso: temática central - El individuo y lo social...
650 _aTeatro.
_9173
650 _aArtes escénicas.
_95945
650 _aLiteratura.
_983
650 _aCiencias sociales.
_91096
650 _aHistoria.
_9136
942 _2ddc
_cLIBROS
945 _admma
_d2019-02-27